| 000 | 00336nam a2200133Ia 4500 | ||
|---|---|---|---|
| 008 | 190216s9999||||xx |||||||||||||| ||und|| | ||
| 100 | _aBalaguruswamy.E | ||
| 245 | 0 | _aComputer Oriented Statistical And Numerical Methods | |
| 250 | _a1st Ed. | ||
| 260 |
_bMacmillan India Ltd _c1995 |
||
| 300 | _a250 | ||
| 650 | _aComputer | ||
| 942 | _cBK | ||
| 999 |
_c8622 _d8622 |
||